[Event "First Saturday 2010 november IM"]
[Site "Budapest"]
[Date "2010.11.06"]
[Round "1"]
[White "Antipov, Mikhail Al"]
[Black "To, Nhat Mihn"]
[Result "1/2-1/2"]
[WhiteElo "2323"]
[BlackElo "2400"]
[PlyCount "186"]
[EventDate "2010.11.06"]

1. e4 Nf6 2. e5 Nd5 3. d4 d6 4. c4 Nb6 5. exd6 exd6 6. Nc3 Be7 7. Bd3 Nc6 8.
Nge2 Bg4 9. Be3 O-O 10. O-O Nb4 11. b3 Nxd3 12. Qxd3 Bxe2 13. Qxe2 Re8 14. d5
Bf6 15. Qc2 Nd7 16. Rae1 Bxc3 17. Qxc3 Ne5 18. Bd4 f6 19. f4 Ng6 20. Rxe8+ Qxe8
21. Re1 Qd7 22. Qe3 Kf8 23. g3 a6 24. Kg2 Re8 25. Qxe8+ Qxe8 26. Rxe8+ Kxe8 27.
Kf3 a5 28. g4 b6 29. Kg3 Kf7 30. h4 Nf8 31. Kf3 Nd7 32. Ke4 Nc5+ 33. Bxc5 dxc5
34. Kf5 g6+ 35. Ke4 h6 36. d6 cxd6 37. Kd5 Ke7 38. a3 a4 39. bxa4 Kd7 40. f5
gxf5 41. gxf5 h5 42. a5 bxa5 43. a4 Kc7 44. Ke6 Kc6 45. Kxf6 d5 46. cxd5+ Kxd5
47. Kg6 c4 48. f6 c3 49. f7 c2 50. f8=Q c1=Q 51. Qf5+ Kd6 52. Qxa5 Qc2+ 53. Kh6
Qe4 54. Qd8+ Kc5 55. a5 Kb4 56. Qg5 Ka3 57. Kxh5 Qf3+ 58. Kg6 Qe4+ 59. Kf7 Qh7+
60. Ke8 Qh8+ 61. Ke7 Qh7+ 62. Kd6 Qd3+ 63. Qd5 Qg3+ 64. Kc6 Qxh4 65. Qc5+ Ka2
66. Kb5 Qh8 67. a6 Qb8+ 68. Ka4 Qe8+ 69. Qb5 Qe4+ 70. Ka5 Qe1+ 71. Kb6 Qe6+ 72.
Qc6 Qe3+ 73. Kb7 Qb3+ 74. Ka7 Qf7+ 75. Qb7 Qf2+ 76. Kb8 Qf8+ 77. Kc7 Qe7+ 78.
Kc6 Qe6+ 79. Kc5 Qe3+ 80. Kd5 Qf3+ 81. Ke5 Qh5+ 82. Kf4 Qh4+ 83. Kf3 Qh5+ 84.
Kf2 Qh4+ 85. Kg1 Qe1+ 86. Kg2 Qd2+ 87. Kf3 Qd1+ 88. Kf4 Qd4+ 89. Kf5 Qf2+ 90.
Ke6 Qe3+ 91. Kf7 Qf4+ 92. Ke8 Qe5+ 93. Qe7 Qb5+ 1/2-1/2

[Event "First Saturday 2010 november IM"]
[Site "Budapest"]
[Date "2010.11.06"]
[Round "1"]
[White "Adams, Nick A"]
[Black "Lengyel, Bela"]
[Result "1/2-1/2"]
[WhiteElo "2277"]
[BlackElo "2289"]
[PlyCount "142"]
[EventDate "2010.11.06"]

1. c4 e5 2. Nc3 Nf6 3. Nf3 Nc6 4. e4 Bb4 5. d3 d6 6. g3 Bc5 7. Bg2 Bg4 8. h3
Bxf3 9. Bxf3 Nd4 10. Bg2 c6 11. O-O Qe7 12. a3 a5 13. Rb1 Ne6 14. b4 axb4 15.
axb4 Bb6 16. Bb2 O-O 17. Ne2 Rfe8 18. Ra1 Nd7 19. Qd2 h5 20. d4 exd4 21. Nxd4
Nxd4 22. Bxd4 Bxd4 23. Qxd4 c5 24. bxc5 Nxc5 25. Qd5 h4 26. gxh4 Qf6 27. e5
Qxe5 28. Qxe5 dxe5 29. Bd5 Kf8 30. Rab1 Re7 31. Rb5 Rc7 32. Rfb1 Ra7 33. Re1 f6
34. Re3 Ra1+ 35. Kh2 Ra2 36. Kg2 Rd2 37. Ra3 g6 38. Ra8+ Kg7 39. Rg8+ Kh7 40.
Rb8 Nd3 41. R5xb7 Nf4+ 42. Kf3 Rd3+ 43. Ke4 Rd4+ 44. Kf3 Rxb7 45. Rxb7+ Kh6 46.
Bg8 g5 47. hxg5+ Kxg5 48. Rg7+ Kh6 49. Rc7 f5 50. Kg3 Rd3+ 51. Kh2 Rxh3+ 52.
Kg1 Rc3 53. Bh7 Ne2+ 54. Kg2 Nd4 55. Bg8 Kg5 56. Rg7+ Kf4 57. Rg3 Nf3 58. Bf7
e4 59. Bh5 Ne1+ 60. Kf1 Rc1 61. Ke2 Nd3 62. Rxd3 exd3+ 63. Kxd3 Ke5 64. Bf7 Rf1
65. Ke2 Ra1 66. Kf3 Ra3+ 67. Kg2 Kd4 68. Be6 f4 69. Bd5 Rd3 70. Bf3 Rc3 71. Bd5
Ke5 1/2-1/2

[Event "First Saturday 2010 november IM"]
[Site "Budapest"]
[Date "2010.11.06"]
[Round "1"]
[White "Tran, Tuan Minh"]
[Black "Farago, Sandor"]
[Result "1-0"]
[WhiteElo "2256"]
[BlackElo "2284"]
[PlyCount "93"]
[EventDate "2010.11.06"]

1. d4 Nf6 2. Nf3 g6 3. c4 Bg7 4. Nc3 c5 5. d5 d6 6. g3 O-O 7. Bg2 Nbd7 8. O-O
Nb6 9. Qd3 Bf5 10. e4 Bg4 11. Nd2 Qc8 12. Re1 Bh3 13. f4 Bxg2 14. Kxg2 e6 15.
e5 dxe5 16. fxe5 Ng4 17. Nf3 exd5 18. cxd5 Re8 19. Bf4 Nd7 20. e6 fxe6 21. Nb5
c4 22. Qd2 e5 23. Nd6 Qc5 24. Nxe8 Rxe8 25. h3 Rf8 26. Bg5 Ngf6 27. Nxe5 Nxe5
28. Rxe5 Ng4 29. Re2 Ne5 30. Rf1 Nd3 31. Rxf8+ Bxf8 32. Qe3 Qxd5+ 33. Kh2 Qf7
34. Bh6 Bxh6 35. Qxh6 b5 36. Qg5 Qf5 37. Qd8+ Kg7 38. Qd4+ Kh6 39. Kg2 a5 40.
Re4 a4 41. a3 Qc8 42. Qf6 Qa8 43. Qh4+ Kg7 44. Kh2 h5 45. Re7+ Kh6 46. Qf6 Qd5
47. h4 1-0

[Event "First Saturday 2010 november IM"]
[Site "Budapest"]
[Date "2010.11.06"]
[Round "1"]
[White "Szalanczy, Emil"]
[Black "Oparin, Grigoriy"]
[Result "0-1"]
[WhiteElo "2247"]
[BlackElo "2306"]
[PlyCount "86"]
[EventDate "2010.11.06"]

1. e4 c5 2. Nf3 d6 3. d4 cxd4 4. Nxd4 Nf6 5. Nc3 a6 6. Be3 e6 7. g4 b5 8. g5
Nfd7 9. Bd3 Bb7 10. Qh5 g6 11. Qe2 Nc5 12. b4 Nxd3+ 13. Qxd3 Nd7 14. Nf3 Rc8
15. Bd4 e5 16. Be3 Rxc3 17. Qxc3 Bxe4 18. Ke2 Bg7 19. Nd2 Bxh1 20. Rxh1 O-O 21.
Qc6 Qa8 22. Qxa8 Rxa8 23. Ne4 Rc8 24. c3 f5 25. Nxd6 Rxc3 26. Rd1 Rc2+ 27. Kf1
Bf8 28. Ne8 Kf7 29. Rxd7+ Kxe8 30. Rxh7 Bxb4 31. f3 f4 32. Bf2 Kf8 33. h4 Kg8
34. Rb7 Rxa2 35. Rb8+ Kf7 36. Rb7+ Ke6 37. Rb6+ Kd5 38. Rxg6 e4 39. fxe4+ Kxe4
40. Re6+ Kf3 41. Be1 Bc5 42. Bc3 Be3 43. Be1 Rg2 0-1

[Event "First Saturday 2010 november IM"]
[Site "Budapest"]
[Date "2010.11.07"]
[Round "2"]
[White "Farago, Sandor"]
[Black "Szalanczy, Emil"]
[Result "1-0"]
[WhiteElo "2284"]
[BlackElo "2247"]
[PlyCount "95"]
[EventDate "2010.11.06"]

1. e4 c5 2. Nf3 d6 3. Bc4 Nc6 4. O-O a6 5. a4 Nf6 6. Re1 Bg4 7. c3 e6 8. d4 Be7
9. h3 Bh5 10. d5 Bxf3 11. gxf3 Ne5 12. Bf1 exd5 13. exd5 Qd7 14. f4 Ng6 15. Na3
O-O 16. Nc4 Rae8 17. Qd3 Bd8 18. Bd2 Bc7 19. a5 Nh4 20. Kh2 g6 21. Rad1 Kg7 22.
b4 Qb5 23. Qg3 Nf5 24. Qf3 Rxe1 25. Rxe1 Qa4 26. Bd3 Qa2 27. Rb1 Rd8 28. Rb2
Qa1 29. Rb1 Qa2 30. Qd1 Nxd5 31. Rb2 Qxb2 32. Nxb2 Nfe7 33. Qe2 Re8 34. Nc4 Nf6
35. Qf3 Nc6 36. Ne3 cxb4 37. cxb4 d5 38. Nxd5 Nxd5 39. Qxd5 Rd8 40. Qc4 f6 41.
Be3 Rd7 42. Be4 Nd8 43. Kg2 Re7 44. Bd5 Bd6 45. Qc8 Nf7 46. Bxb7 Bxb4 47. Bxa6
Bxa5 48. Bc5 1-0

[Event "First Saturday 2010 november IM"]
[Site "Budapest"]
[Date "2010.11.07"]
[Round "2"]
[White "Lyell, Mark"]
[Black "Tran, Tuan Minh"]
[Result "1/2-1/2"]
[WhiteElo "2210"]
[BlackElo "2256"]
[PlyCount "73"]
[EventDate "2010.11.06"]

1. e4 e6 2. d4 d5 3. Nc3 Bb4 4. e5 c5 5. Qg4 Ne7 6. dxc5 Nbc6 7. Bd2 O-O 8.
O-O-O Bxc5 9. Nf3 Ng6 10. Bd3 Ncxe5 11. Nxe5 Nxe5 12. Bxh7+ Kxh7 13. Qh5+ Kg8
14. Qxe5 b5 15. h4 b4 16. Ne4 Be7 17. Qg3 f5 18. Ng5 a5 19. f4 a4 20. Kb1 Bf6
21. Bxb4 Rb8 22. a3 Rxb4 23. axb4 Qb6 24. c3 a3 25. Qf3 Qa7 26. Qh5 Rd8 27.
Qh7+ Kf8 28. Qg6 Kg8 29. Rh3 axb2 30. Kxb2 Qa4 31. Ra1 Qxb4+ 32. Kc2 Qxf4 33.
Qf7+ Kh8 34. Qh5+ Kg8 35. Qf7+ Kh8 36. Qh5+ Kg8 37. Qf7+ 1/2-1/2

[Event "First Saturday 2010 november IM"]
[Site "Budapest"]
[Date "2010.11.07"]
[Round "2"]
[White "Lengyel, Bela"]
[Black "Biro, David"]
[Result "1-0"]
[WhiteElo "2289"]
[BlackElo "2211"]
[PlyCount "49"]
[EventDate "2010.11.06"]

1. e4 d6 2. d4 Nf6 3. Nc3 g6 4. Nf3 Bg7 5. Be2 O-O 6. O-O Bg4 7. Be3 Nc6 8. Qd2
e5 9. d5 Ne7 10. Rad1 Bc8 11. Ne1 Nd7 12. f4 f5 13. Nf3 exf4 14. Bxf4 Re8 15.
Bc4 Nb6 16. Bb3 fxe4 17. Ng5 Nf5 18. Ne6 Bxe6 19. dxe6 Qc8 20. Nxe4 Nd4 21. Bh6
Nxb3 22. Rf7 Be5 23. Qf2 Qxe6 24. Ng5 Qg4 25. Rg7+ 1-0

[Event "First Saturday 2010 november IM"]
[Site "Budapest"]
[Date "2010.11.07"]
[Round "2"]
[White "Kahn, Evart dr"]
[Black "Adams, Nick A"]
[Result "0-1"]
[WhiteElo "2260"]
[BlackElo "2277"]
[PlyCount "62"]
[EventDate "2010.11.06"]

1. e4 c6 2. b3 d5 3. exd5 cxd5 4. Bb2 Bf5 5. Nf3 a6 6. d4 e6 7. Be2 Nc6 8. O-O
Bd6 9. c4 Nf6 10. Nbd2 O-O 11. Ne5 Qc7 12. f4 Ne4 13. Bf3 f6 14. Nxc6 bxc6 15.
Bxe4 Bxe4 16. Nxe4 dxe4 17. g3 f5 18. d5 cxd5 19. cxd5 Bc5+ 20. Kh1 Rfd8 21.
Rc1 Rxd5 22. Qe2 Qb7 23. Rfd1 Rad8 24. Rxd5 Qxd5 25. Qc4 Qxc4 26. bxc4 Rd2 27.
Bc3 Rxa2 28. Rb1 Rc2 29. Rb8+ Kf7 30. Rb7+ Ke8 31. Bxg7 e3 0-1

[Event "First Saturday 2010 november IM"]
[Site "Budapest"]
[Date "2010.11.07"]
[Round "2"]
[White "Antipov, Mikhail Al"]
[Black "Horvath, David"]
[Result "1-0"]
[WhiteElo "2323"]
[BlackElo "2292"]
[PlyCount "85"]
[EventDate "2010.11.06"]

1. e4 e6 2. d4 d5 3. Nc3 Nf6 4. e5 Nfd7 5. f4 c5 6. Nf3 Nc6 7. Be3 Qb6 8. Na4
Qa5+ 9. c3 c4 10. b4 Qc7 11. Be2 Be7 12. O-O O-O 13. Qc2 b5 14. Nc5 Nxc5 15.
dxc5 a5 16. a3 f6 17. Bd4 fxe5 18. Bxe5 Nxe5 19. fxe5 Bd7 20. Rae1 Bxc5+ 21.
bxc5 Qxc5+ 22. Nd4 Qxa3 23. Bg4 Qe7 24. Rxf8+ Rxf8 25. Ra1 b4 26. Qd2 Qc5 27.
Kh1 Qb6 28. g3 bxc3 29. Qxc3 a4 30. Kg2 Rb8 31. Ra2 Qb1 32. Re2 Qd3 33. Qxd3
cxd3 34. Rd2 a3 35. Rxd3 Ra8 36. Rd1 a2 37. Ra1 Kf7 38. Bd1 Rb8 39. Rxa2 Rb4
40. Rd2 Ke7 41. Kf3 Ba4 42. Ke3 Bxd1 43. Nc6+ 1-0

[Event "First Saturday 2010 november IM"]
[Site "Budapest"]
[Date "2010.11.08"]
[Round "3"]
[White "Horvath, David"]
[Black "To, Nhat Mihn"]
[Result "1/2-1/2"]
[WhiteElo "2292"]
[BlackElo "2400"]
[PlyCount "26"]
[EventDate "2010.11.06"]

1. d4 d5 2. c4 c6 3. Nf3 Nf6 4. cxd5 cxd5 5. Nc3 Nc6 6. Bf4 a6 7. e3 Bg4 8. Bd3
e6 9. h3 Bxf3 10. Qxf3 Bd6 11. Bxd6 Qxd6 12. O-O O-O 13. Rac1 Rac8 1/2-1/2

[Event "First Saturday 2010 november IM"]
[Site "Budapest"]
[Date "2010.11.08"]
[Round "3"]
[White "Adams, Nick A"]
[Black "Antipov, Mikhail Al"]
[Result "1/2-1/2"]
[WhiteElo "2277"]
[BlackElo "2323"]
[PlyCount "50"]
[EventDate "2010.11.06"]

1. c4 Nf6 2. Nc3 c6 3. e4 d5 4. exd5 cxd5 5. cxd5 Nxd5 6. Nf3 Nc6 7. Bb5 e6 8.
O-O Be7 9. d4 O-O 10. Re1 Bd7 11. Bd3 h6 12. Nxd5 exd5 13. Bc2 Bg4 14. Qd3 f5
15. Ne5 Nb4 16. Qd2 Nxc2 17. Qxc2 Bb4 18. Bd2 Rc8 19. Qd3 Qa5 20. Bxb4 Qxb4 21.
Qb3 Qd2 22. Ng6 Rfe8 23. Rxe8+ Rxe8 24. Qxd5+ Kh7 25. Ne5 Qxb2 1/2-1/2

[Event "First Saturday 2010 november IM"]
[Site "Budapest"]
[Date "2010.11.08"]
[Round "3"]
[White "Biro, David"]
[Black "Kahn, Evart dr"]
[Result "0-1"]
[WhiteElo "2211"]
[BlackElo "2260"]
[PlyCount "71"]
[EventDate "2010.11.06"]

1. d4 Nf6 2. c4 e5 3. dxe5 Ng4 4. Nf3 Bc5 5. e3 Nc6 6. Be2 O-O 7. O-O Ngxe5 8.
Nxe5 Nxe5 9. Nc3 Re8 10. b3 a5 11. Ne4 Bf8 12. f4 Nc6 13. Bf3 d6 14. Re1 a4 15.
Bb2 axb3 16. axb3 Rxa1 17. Bxa1 Nb8 18. Qd4 Na6 19. Qc3 Bd7 20. Ng3 Bc6 21. Nf5
f6 22. Rd1 Bxf3 23. gxf3 Qd7 24. e4 Nc5 25. Kh1 Ne6 26. Rg1 Kh8 27. Qd2 Qf7 28.
Ng3 Nc5 29. Qc3 b5 30. Nf5 bxc4 31. bxc4 Rb8 32. Nd4 Na4 33. Qc2 Nb6 34. Nc6
Ra8 35. Qg2 Qxc4 36. Bxf6 0-1

[Event "First Saturday 2010 november IM"]
[Site "Budapest"]
[Date "2010.11.08"]
[Round "3"]
[White "Szalanczy, Emil"]
[Black "Lyell, Mark"]
[Result "1/2-1/2"]
[WhiteElo "2247"]
[BlackElo "2210"]
[PlyCount "76"]
[EventDate "2010.11.06"]

1. e4 e5 2. Nf3 Nc6 3. Bb5 f5 4. Nc3 fxe4 5. Nxe4 Nf6 6. Qe2 d5 7. Nxf6+ gxf6
8. d4 Bg7 9. dxe5 O-O 10. e6 Ne5 11. Be3 Bxe6 12. O-O-O Qc8 13. Nd4 c6 14. Bd3
Bd7 15. Qh5 Nxd3+ 16. Rxd3 Qe8 17. Qf3 Qe4 18. Qxe4 dxe4 19. Rb3 b6 20. a4 f5
21. g3 c5 22. Nb5 Be6 23. Ra3 Bc4 24. Rd1 a5 25. Bf4 Rad8 26. Nd6 Be6 27. Re3
Rd7 28. Re2 Rfd8 29. Red2 Bd4 30. c3 Bf6 31. Kc2 Kf8 32. b3 Ke7 33. h3 Rg8 34.
c4 Rgd8 35. Nb5 Rxd2+ 36. Rxd2 Rxd2+ 37. Kxd2 Kd7 38. Be3 Kc6 {after 36 move}
1/2-1/2

[Event "First Saturday 2010 november IM"]
[Site "Budapest"]
[Date "2010.11.08"]
[Round "3"]
[White "Oparin, Grigoriy"]
[Black "Farago, Sandor"]
[Result "1/2-1/2"]
[WhiteElo "2306"]
[BlackElo "2284"]
[PlyCount "102"]
[EventDate "2010.11.06"]

1. e4 c5 2. Nf3 d6 3. d4 cxd4 4. Nxd4 Nf6 5. Nc3 a6 6. Be2 g6 7. Be3 Bg7 8. O-O
O-O 9. f4 Nbd7 10. Bf3 e5 11. Nde2 Qc7 12. a4 b6 13. g4 exf4 14. Nxf4 Bb7 15.
g5 Ne8 16. Nfd5 Qd8 17. Bg2 Rb8 18. Qe2 Be5 19. Rad1 Ng7 20. Qd2 b5 21. axb5
axb5 22. Bh3 b4 23. Nxb4 Ba8 24. Ncd5 Ne6 25. c3 Ndc5 26. Qg2 Kg7 27. Rd2 Nc7
28. Qg4 Nxd5 29. Nxd5 Bc6 30. Qh4 Bxd5 31. exd5 Nb3 32. Rdf2 Qe7 33. Rf3 Nc5
34. Bg2 Kg8 35. Rh3 h5 36. gxh6 Qxh4 37. Rxh4 Rxb2 38. Rc4 Nd7 39. Rc7 Nf6 40.
Bg5 Rxg2+ 41. Kxg2 Nxd5 42. h7+ Kxh7 43. Rcxf7+ Rxf7 44. Rxf7+ Kg8 45. Rd7 Nxc3
46. h4 Ne4 47. Be3 Nf6 48. Ra7 Nd5 49. Bg5 Nf4+ 50. Kf3 Ne6 51. Be3 Bf6 1/2-1/2

[Event "First Saturday 2010 november IM"]
[Site "Budapest"]
[Date "2010.11.09"]
[Round "4"]
[White "Lyell, Mark"]
[Black "Oparin, Grigoriy"]
[Result "1/2-1/2"]
[WhiteElo "2210"]
[BlackElo "2306"]
[PlyCount "81"]
[EventDate "2010.11.06"]

1. e4 c5 2. Nc3 d6 3. f4 g6 4. Nf3 Bg7 5. Bb5+ Bd7 6. Bc4 Nc6 7. O-O Na5 8. Be2
Nf6 9. Qe1 O-O 10. Qh4 Nc6 11. d3 Nd4 12. Bd1 Bg4 13. Kh1 Bxf3 14. gxf3 e6 15.
Ne2 Nxe2 16. Bxe2 Nh5 17. Qxd8 Raxd8 18. f5 exf5 19. exf5 Rfe8 20. Bd1 gxf5 21.
f4 Nf6 22. Bf3 d5 23. Bd2 Ng4 24. Rae1 Bxb2 25. Rxe8+ Rxe8 26. Rb1 Bd4 27. Rxb7
Re6 28. c3 Be3 29. Bxe3 Rxe3 30. Bxd5 Rxd3 31. Bxf7+ Kf8 32. Rxa7 Rxc3 33. Be6
c4 34. Rxh7 Rc1+ 35. Kg2 c3 36. Rc7 c2 37. Bb3 Ne3+ 38. Kf2 Rf1+ 39. Kxe3 c1=Q+
40. Rxc1 Rxc1 41. Kd4 1/2-1/2

[Event "First Saturday 2010 november IM"]
[Site "Budapest"]
[Date "2010.11.09"]
[Round "4"]
[White "Lengyel, Bela"]
[Black "Szalanczy, Emil"]
[Result "1/2-1/2"]
[WhiteElo "2289"]
[BlackElo "2247"]
[PlyCount "25"]
[EventDate "2010.11.06"]

1. e4 c5 2. Nf3 d6 3. d4 cxd4 4. Nxd4 Nf6 5. Nc3 g6 6. Be3 Bg7 7. f3 Nc6 8. Qd2
O-O 9. Bc4 Bd7 10. O-O-O Rc8 11. Bb3 Nxd4 12. Bxd4 b5 13. Nd5 1/2-1/2

[Event "First Saturday 2010 november IM"]
[Site "Budapest"]
[Date "2010.11.09"]
[Round "4"]
[White "Kahn, Evart dr"]
[Black "Tran, Tuan Minh"]
[Result "0-1"]
[WhiteElo "2260"]
[BlackElo "2256"]
[PlyCount "60"]
[EventDate "2010.11.06"]

1. d4 e6 2. c4 f5 3. g3 Nf6 4. Bg2 c6 5. Nh3 Qc7 6. O-O Be7 7. c5 b6 8. Bf4 Qb7
9. cxb6 axb6 10. Nc3 d5 11. f3 Nbd7 12. e4 Nf8 13. exf5 exf5 14. Be5 Ng6 15. f4
O-O 16. Qb3 Ne4 17. Nxe4 fxe4 18. Nf2 Kh8 19. h4 Ra5 20. Kh2 Nxe5 21. dxe5 Qa7
22. a3 Bc5 23. Qc2 Ba6 24. Rfe1 Bb5 25. Nxe4 dxe4 26. Bxe4 Ra4 27. Rad1 Rd4 28.
Rxd4 Bxd4 29. Bxh7 g5 30. Rd1 c5 0-1

[Event "First Saturday 2010 november IM"]
[Site "Budapest"]
[Date "2010.11.09"]
[Round "4"]
[White "Antipov, Mikhail Al"]
[Black "Biro, David"]
[Result "1-0"]
[WhiteElo "2323"]
[BlackElo "2211"]
[PlyCount "111"]
[EventDate "2010.11.06"]

1. e4 d6 2. d4 g6 3. c4 Bg7 4. Nc3 Nf6 5. f3 O-O 6. Be3 e5 7. d5 Nh5 8. Qd2 f5
9. exf5 gxf5 10. O-O-O a5 11. Nh3 Na6 12. Rg1 Nf6 13. Be2 Nd7 14. Bg5 Qe8 15.
g4 Ndc5 16. Bh6 f4 17. Bxg7 Kxg7 18. Nf2 Bd7 19. Nfe4 Qe7 20. Kb1 Be8 21. Bd3
Nxd3 22. Qxd3 Bg6 23. b3 Nc5 24. Qe2 Qe8 25. h4 Bxe4+ 26. Nxe4 Nxe4 27. Qxe4
Qg6 28. Rge1 b6 29. Kc2 Qxe4+ 30. Rxe4 Kg6 31. Re2 Kf6 32. Rg1 Rg8 33. Reg2 h6
34. Kd3 Rab8 35. Ke4 Rbf8 36. Rh2 Rh8 37. Rc1 Ra8 38. a3 Kg6 39. Ra2 Ra7 40.
Rg2 Kf6 41. Rcg1 Raa8 42. g5+ hxg5 43. Rxg5 Rh7 44. Rg6+ Kf7 45. h5 Rah8 46. b4
axb4 47. axb4 Ke7 48. c5 bxc5 49. bxc5 dxc5 50. Rc6 Kd7 51. h6 Re8 52. Rgg6
Ree7 53. Rxc5 Ke8 54. Rcc6 Kf7 55. Rcf6+ Ke8 56. Re6 1-0

[Event "First Saturday 2010 november IM"]
[Site "Budapest"]
[Date "2010.11.09"]
[Round "4"]
[White "Horvath, David"]
[Black "Adams, Nick A"]
[Result "1-0"]
[WhiteElo "2292"]
[BlackElo "2277"]
[PlyCount "65"]
[EventDate "2010.11.06"]

1. d4 Nf6 2. Nf3 e6 3. e3 d5 4. a3 b6 5. c4 Be7 6. Qa4+ c6 7. cxd5 exd5 8. Bd3
O-O 9. b4 c5 10. dxc5 bxc5 11. O-O Bd7 12. Qc2 cxb4 13. axb4 Nc6 14. b5 Nb4 15.
Qe2 Qb6 16. Nc3 Rfc8 17. Bd2 Rxc3 18. Bxc3 Nxd3 19. Qxd3 Bxb5 20. Qb1 Bc5 21.
Re1 Ne4 22. Bd4 Re8 23. Qb2 f6 24. Bxc5 Qxc5 25. Nd4 Bc4 26. Qb7 a6 27. Reb1
Re7 28. Qa8+ Kf7 29. Nf5 Rc7 30. Rb7 Kg6 31. g4 Nd6 32. Nxd6 Qxd6 33. Qe8+ 1-0

[Event "First Saturday 2010 november IM"]
[Site "Budapest"]
[Date "2010.11.10"]
[Round "5"]
[White "Biro, David"]
[Black "Horvath, David"]
[Result "1/2-1/2"]
[WhiteElo "2211"]
[BlackElo "2292"]
[PlyCount "102"]
[EventDate "2010.11.06"]

1. Nf3 Nf6 2. g3 b6 3. Bg2 Bb7 4. O-O e6 5. d3 d5 6. Nbd2 Bc5 7. e4 dxe4 8. Ng5
Nbd7 9. Ngxe4 Qc8 10. Nxc5 Nxc5 11. Bxb7 Qxb7 12. b3 O-O 13. Bb2 Qd5 14. Bxf6
gxf6 15. Qe2 a5 16. a4 Rad8 17. Nc4 Qd4 18. Ne3 Kh8 19. Qf3 f5 20. Rae1 Nd7 21.
Nc4 Rg8 22. Qe3 Qxe3 23. fxe3 Nc5 24. e4 fxe4 25. dxe4 Kg7 26. Rf4 f6 27. Ref1
Nd7 28. Rg4+ Kf7 29. Rxg8 Rxg8 30. Kf2 Nc5 31. Ke3 Rg5 32. Rf4 Rh5 33. Rf2 Ke7
34. h4 Rh6 35. Rh2 Rg6 36. Kf3 Na6 37. g4 Nb4 38. Rd2 Nc6 39. Kf4 Rg8 40. Kf3
Rf8 41. Ke3 Rg8 42. Kf3 Nd8 43. e5 Rf8 44. exf6+ Rxf6+ 45. Ke4 Nf7 46. Ne5 Nd6+
47. Ke3 Rf1 48. Rf2 Re1+ 49. Re2 Rh1 50. Nf3 Rd1 51. Kf4 Nf7 1/2-1/2

[Event "First Saturday 2010 november IM"]
[Site "Budapest"]
[Date "2010.11.10"]
[Round "5"]
[White "Tran, Tuan Minh"]
[Black "Antipov, Mikhail Al"]
[Result "0-1"]
[WhiteElo "2256"]
[BlackElo "2323"]
[PlyCount "56"]
[EventDate "2010.11.06"]

1. d4 Nf6 2. Nf3 c5 3. d5 b5 4. Bg5 Qb6 5. c3 a6 6. Bxf6 Qxf6 7. a4 b4 8. e4 d6
9. a5 Nd7 10. Qc2 Rb8 11. Nbd2 g5 12. Bc4 Bg7 13. Rc1 g4 14. Ng1 Ne5 15. Ne2
Bh6 16. b3 Nxc4 17. bxc4 bxc3 18. Nxc3 Qd4 19. Ncb1 Rb2 20. Qd1 Bd7 21. Qe2 Rg8
22. Rf1 Kd8 23. Rh1 Bf4 24. Rf1 h5 25. g3 Bh6 26. Rg1 Kc7 27. Rf1 Rgb8 28. h3
Rxb1 0-1

[Event "First Saturday 2010 november IM"]
[Site "Budapest"]
[Date "2010.11.10"]
[Round "5"]
[White "Szalanczy, Emil"]
[Black "Kahn, Evart dr"]
[Result "1/2-1/2"]
[WhiteElo "2247"]
[BlackElo "2260"]
[PlyCount "30"]
[EventDate "2010.11.06"]

1. e4 Nf6 2. e5 Nd5 3. d4 d6 4. Nf3 Bg4 5. Be2 e6 6. O-O Be7 7. c4 Nb6 8. h3
Bh5 9. exd6 cxd6 10. b3 O-O 11. Be3 Nc6 12. Nc3 d5 13. c5 Nc8 14. b4 Bf6 15. b5
Na5 1/2-1/2

[Event "First Saturday 2010 november IM"]
[Site "Budapest"]
[Date "2010.11.10"]
[Round "5"]
[White "Oparin, Grigoriy"]
[Black "Lengyel, Bela"]
[Result "1/2-1/2"]
[WhiteElo "2306"]
[BlackElo "2289"]
[PlyCount "64"]
[EventDate "2010.11.06"]

1. e4 e5 2. Nf3 Nc6 3. Bc4 Nf6 4. d3 Be7 5. O-O O-O 6. Re1 d6 7. a4 Be6 8. Nc3
Qd7 9. a5 a6 10. h3 Kh8 11. Be3 d5 12. exd5 Nxd5 13. Bd2 f6 14. Nxd5 Bxd5 15.
Bxd5 Qxd5 16. Bc3 Bc5 17. Nh4 Rad8 18. Qh5 Qf7 19. Qf3 g6 20. g3 Bd4 21. Qe4
Qd5 22. Bd2 f5 23. Qxd5 Rxd5 24. Nf3 Kg7 25. Kg2 Rfd8 26. Rab1 Re8 27. b4 Ba7
28. Bc3 Kf8 29. h4 Bd4 30. Bd2 Ba7 31. Bc3 Bd4 32. Bd2 Ba7 1/2-1/2

[Event "First Saturday 2010 november IM"]
[Site "Budapest"]
[Date "2010.11.10"]
[Round "5"]
[White "Farago, Sandor"]
[Black "Lyell, Mark"]
[Result "1-0"]
[WhiteElo "2284"]
[BlackElo "2210"]
[PlyCount "79"]
[EventDate "2010.11.06"]

1. d4 d5 2. Nf3 Nf6 3. c4 e6 4. Nc3 dxc4 5. e3 a6 6. a4 c5 7. Bxc4 Nc6 8. O-O
Be7 9. Qe2 cxd4 10. Rd1 e5 11. exd4 exd4 12. Nxd4 Nxd4 13. Qe5 Qd6 14. Qxd6
Bxd6 15. Rxd4 Bc5 16. Rd1 O-O 17. h3 Bf5 18. Nd5 Be6 19. Nxf6+ gxf6 20. Be2
Rfe8 21. Bh6 Bxh3 22. Bf3 Bf5 23. Rd5 Re5 24. Rad1 Rae8 25. Bf4 Bb6 26. Bxe5
fxe5 27. a5 Ba7 28. Rd8 Kf8 29. Rxe8+ Kxe8 30. Bxb7 Bd4 31. Bxa6 Be4 32. b4 Kd7
33. b5 Bc2 34. Rd2 Be4 35. b6 Kc6 36. Bd3 Bd5 37. Rc2+ Kb7 38. Rc7+ Kb8 39. Ba6
Be6 40. Rb7+ 1-0

[Event "First Saturday 2010 november IM"]
[Site "Budapest"]
[Date "2010.11.11"]
[Round "6"]
[White "Lengyel, Bela"]
[Black "Farago, Sandor"]
[Result "1/2-1/2"]
[WhiteElo "2289"]
[BlackElo "2284"]
[PlyCount "24"]
[EventDate "2010.11.06"]

1. e4 c5 2. Nf3 d6 3. d4 cxd4 4. Nxd4 Nf6 5. Nc3 g6 6. Be2 Bg7 7. O-O Nbd7 8.
Kh1 a6 9. a4 O-O 10. f4 Qc7 11. Be3 b6 12. Bf3 Bb7 1/2-1/2

[Event "First Saturday 2010 november IM"]
[Site "Budapest"]
[Date "2010.11.11"]
[Round "6"]
[White "Kahn, Evart dr"]
[Black "Oparin, Grigoriy"]
[Result "0-1"]
[WhiteElo "2260"]
[BlackElo "2306"]
[PlyCount "102"]
[EventDate "2010.11.06"]

1. d4 d5 2. Nf3 Nf6 3. Bf4 e6 4. e3 Be7 5. c4 O-O 6. Nc3 Nbd7 7. Qc2 c5 8. cxd5
Nxd5 9. Nxd5 exd5 10. dxc5 Nxc5 11. Be2 Be6 12. O-O Rc8 13. Nd4 Bf6 14. Rfd1
Qb6 15. Bf3 Rfe8 16. Qe2 Na4 17. Rd3 Qa6 18. Ra3 Qxe2 19. Bxe2 Nxb2 20. Rxa7 g5
21. Bg3 Bxd4 22. exd4 Rc2 23. Bb5 Rec8 24. h4 h6 25. Rxb7 Nc4 26. hxg5 hxg5 27.
a4 Na5 28. Rb8 Rxb8 29. Bxb8 Nb3 30. Rd1 f6 31. Bd6 Kf7 32. Rd3 Nd2 33. Ra3 Nc4
34. Bxc4 dxc4 35. a5 c3 36. Ra1 Rb2 37. Ba3 Rb3 38. Bc1 c2 39. Ra2 Bf5 40. Kh2
Rb1 41. Ba3 c1=Q 42. Bxc1 Rxc1 43. a6 Be4 44. a7 Ba8 45. d5 Rc7 46. f4 gxf4 47.
Ra4 Rd7 48. Kh3 Rxd5 49. Kg4 Rg5+ 50. Kxf4 Rxg2 51. Rc4 Ra2 0-1

[Event "First Saturday 2010 november IM"]
[Site "Budapest"]
[Date "2010.11.11"]
[Round "6"]
[White "Antipov, Mikhail Al"]
[Black "Szalanczy, Emil"]
[Result "1-0"]
[WhiteElo "2323"]
[BlackElo "2247"]
[PlyCount "103"]
[EventDate "2010.11.06"]

1. e4 c5 2. Nf3 d6 3. d4 cxd4 4. Nxd4 Nf6 5. Nc3 g6 6. Be3 Bg7 7. f3 Nc6 8. Qd2
O-O 9. Bc4 Bd7 10. O-O-O Rc8 11. Bb3 Ne5 12. h4 Nc4 13. Bxc4 Rxc4 14. h5 Nxh5
15. g4 Nf6 16. Kb1 Bxg4 17. fxg4 Nxg4 18. Qe2 Rxc3 19. bxc3 Qb6+ 20. Kc1 h5 21.
Rdg1 Qa6 22. Qxa6 bxa6 23. Kd2 Rc8 24. Bg5 e6 25. Rb1 Rc5 26. Rb8+ Kh7 27. Rf1
Rxg5 28. Rxf7 Ne5 29. Rc7 Rg2+ 30. Kd1 Rg1+ 31. Ke2 Kh6 32. Nxe6 h4 33. Rxg7
Kh5 34. Nf4+ Kh6 35. Rxa7 Rg3 36. Ne6 Kh5 37. Rh7+ Kg4 38. Rf8 Rxc3 39. Rf4+
Kg3 40. Rfxh4 Rxc2+ 41. Kd1 Rc4 42. Rh3+ Kf2 43. Rh2+ Kf3 44. R7h3+ Kxe4 45.
Rh4+ Kf5 46. Ng7+ Kg5 47. Ne6+ Kf5 48. Rxc4 Nxc4 49. Nc7 a5 50. Ke2 g5 51. Kf3
Ke5 52. Rg2 {after 12 move} 1-0